| 000 | 00932nam a2200265Ia 4500 | ||
|---|---|---|---|
| 003 | OSt | ||
| 005 | 20220923211210.0 | ||
| 006 | a|||||r|||| 00| 0 | ||
| 007 | ta | ||
| 008 | 220922b |||||||| |||| 00| 0 san d | ||
| 020 |
_a9788121803106 (hbk) _c375 |
||
| 024 | _a262,712 | ||
| 037 |
_b236, 10/10/2011, Eastern Book Linkers _cTextual |
||
| 040 |
_aARTS _cARTS _bsan |
||
| 041 |
_2san _asan |
||
| 082 | _aQ25:23, 152Q1 | ||
| 100 |
_aनारायण, कपिलदेव, अनु. _9159504 |
||
| 245 | 0 | _aशरभ तन्त्रम् | |
| 246 | _aSharabh tantram | ||
| 260 |
_aवाराणसी _b चौखम्बा कृष्णदास अकादमी _c2011 |
||
| 300 |
_a356पृ0 _ccm. |
||
| 650 | _aधर्म | ||
| 942 |
_hQ25:23, 152Q1 _cTEXL _2CC |
||
| 999 |
_c296718 _d296718 |
||